Consumer behavior

Đã lưu trong:
書目詳細資料
主要作者:  Hoyer, Wayne D
格式: Sách
語言:Undetermined
出版:  South western  2013
主題:
標簽: 添加標簽
沒有標簽, 成為第一個標記此記錄!
Thư viện lưu trữ: Trung tâm Thư viện - Trường Đại học Công nghiệp TP. Hồ Chí Minh
LEADER 00496nam a2200157Ia 4500
001 UIH_06394
008 231011s9999 xx 000 0 und d
082 |a  658.8342 
100 |a  Hoyer, Wayne D 
245 0 |a  Consumer behavior 
245 0 |c  Hoyer, Wayne D 
260 |b  South western 
260 |c  2013 
650 |a  Consumer behavior; Hành vi người tiêu dùng;  
927 |a Sách 
980 |a Trung tâm Thư viện - Trường Đại học Công nghiệp TP. Hồ Chí Minh